| 000 | 00727nam a2200229 a 4500 | ||
|---|---|---|---|
| 001 | 47528 | ||
| 003 | BD-RjUL | ||
| 005 | 20211209054333.0 | ||
| 008 | 160810s1955 pk k l 000 0 eng | ||
| 020 | _c: PRs. 2.11 | ||
| 035 | _a(BD-RjUL)47647 | ||
| 040 |
_aDLC _cDLC _beng _dBD-RjUL |
||
| 041 | _aeng | ||
| 082 |
_a346.5491066 _bPAC 1955 |
||
| 110 | 1 |
_aPakistan. _bMinistry of Law. _9179597 |
|
| 245 | 1 | 4 |
_aThe Companies act, 1913 (VII of 1913) : _b (As modified up to the !st May, 1954) / _cPakistan. Ministry of Law. |
| 260 |
_aKarachi : _bGovernment of Pakistan Press, _c1955 |
||
| 300 |
_a238 p.; _bIll. ; _c24 cm. |
||
| 650 | 0 |
_aCorporation law _zPakistan. _9143844 |
|
| 942 |
_2ddc _cBK |
||
| 999 |
_c47528 _d47528 |
||